[Event "1800 - 2299 Rated Tournament 3"]
[Site "SchemingMind.com"]
[Date "2022.09.08"]
[Round "-"]
[White "Michael Christensen"]
[Black "FcoRego"]
[Result "0-1"]
[WhiteCountry "GER"]
[BlackCountry "ESP"]
[WhiteElo "1772"]
[WhiteRD "84"]
[BlackElo "2087"]
[BlackRD "91"]
[GameID "726593"]

1. c4 c5 2. g3 g6 3. Bg2 Bg7 4. Nc3 e6 5. e4 Ne7 6. Nge2 Nbc6 7. O-O O-O 8. d3 b6 9. Rb1 Bb7 10. a3 Nd4
11. b4 cxb4 12. axb4 Nxe2+ 13. Qxe2 Bxc3
0-1

[Event "1800 - 2299 Rated Tournament 3"]
[Site "SchemingMind.com"]
[Date "2022.09.08"]
[Round "-"]
[White "FcoRego"]
[Black "Michael Christensen"]
[Result "1-0"]
[WhiteCountry "ESP"]
[BlackCountry "GER"]
[WhiteElo "2031"]
[WhiteRD "88"]
[BlackElo "1883"]
[BlackRD "76"]
[GameID "726594"]

1. c4 c5 2. g3 g6 3. Bg2 Bg7 4. Nc3 Nc6 5. e4 e5 6. Nge2 Nge7 7. d3 O-O 8. O-O d6 9. Bg5 h6 10. Be3 Nd4
11. Qd2 Kh7 12. Bxd4 exd4 13. Nd5 Nxd5 14. cxd5 f5 15. Nf4 fxe4 16. Bxe4 Bf5 17. Ne6 Bxe6 18. dxe6 Qe7 19. Bd5 Rf5 20. Bb3 Raf8
21. Rae1 d5 22. f4 Qd6 23. g4 R5f6 24. f5 gxf5 25. gxf5 b5 26. Qe2 c4 27. Bc2 Kh8 28. Qh5 Qe7 29. Re5 Qe8 30. Qxe8 Rxe8
31. Rxd5 Bf8 32. Rxb5 cxd3 33. Bxd3 Bd6 34. Rd5 Rg8+ 35. Kh1 Bb8 36. Rxd4 Rg5 37. Rd8+ Rg8 38. Rxg8+ Kxg8 39. h3 Rf8 40. Rg1+ Kh8
41. Rg6
1-0

[Event "1800 - 2299 Rated Tournament 3"]
[Site "SchemingMind.com"]
[Date "2022.09.11"]
[Round "-"]
[White "FcoRego"]
[Black "echecs"]
[Result "0-1"]
[WhiteCountry "ESP"]
[BlackCountry "ENG"]
[WhiteElo "2024"]
[WhiteRD "85"]
[BlackElo "1864"]
[BlackRD "88"]
[GameID "726596"]

1. c4 c5 2. g3 Nc6 3. Bg2 g6 4. Nc3 Bg7 5. Nf3 Nf6 6. O-O O-O 7. e4 a6 8. a3 d6 9. Rb1 Bg4 10. h3 Bd7
11. d3 Qc8 12. Kh2 Nh5 13. Nd5 Qd8 14. b4 cxb4 15. axb4 b5 16. Be3 Rb8 17. cxb5 axb5 18. g4 Nf6 19. Nd4 Nxg4+ 20. hxg4 Nxd4
21. Bxd4 Bxd4 22. Qe2 Be6 23. f4 Qd7 24. f5 Bxd5 25. exd5 Be5+ 26. Kh3 g5 27. Rfc1 Rfc8 28. Rc6 Qa7 29. Rbc1 Rxc6 30. dxc6 Rc8
31. Bd5 Qd4 32. Qe4 Qf2
0-1

[Event "1800 - 2299 Rated Tournament 3"]
[Site "SchemingMind.com"]
[Date "2022.09.08"]
[Round "-"]
[White "The Stonewall"]
[Black "FcoRego"]
[Result "1-0"]
[WhiteCountry "ENG"]
[BlackCountry "ESP"]
[WhiteElo "2305"]
[WhiteRD "68"]
[BlackElo "2024"]
[BlackRD "85"]
[GameID "726597"]

1. e4 c5 2. Nc3 Nc6 3. Bb5 d6 4. Bxc6+ bxc6 5. f4 e6 6. d3 Ne7 7. Nf3 Ng6 8. O-O Be7 9. Ng5 Bxg5 10. fxg5 O-O
11. Qh5 e5 12. Rf2 Be6 13. b3 Qd7 14. h3 Rae8 15. Be3 Re7 16. Raf1 Nh8 17. Ne2 g6 18. Qh4 Rb8 19. Rf6 Rb7 20. Bd2 Qe8
21. Nc3 Qf8 22. Nd1 Qg7 23. Ne3 Red7 24. Bc3 a5 25. Bxa5 Ra7 26. Ng4 Bxg4 27. Qxg4 h5 28. gxh6 Qxh6 29. Bb6 Rab7 30. Rxd6 f5
31. Rxd7 fxg4 32. Rxb7 Qe3+ 33. Kh2 g3+ 34. Kh1 g5 35. Rb8+ Kg7 36. Rbf8 Ng6 37. R8f3 Qe2 38. Kg1 Nf4 39. Rxg3 Kh6 40. Bd8 Qxc2
41. Bxg5+ Kh5 42. Bxf4 exf4 43. Rxf4 Qb1+ 44. Rf1 Qxa2 45. Rf5+ Kh6 46. Rf6+ Kh7 47. Rf4
1-0

[Event "1800 - 2299 Rated Tournament 3"]
[Site "SchemingMind.com"]
[Date "2022.09.08"]
[Round "-"]
[White "FcoRego"]
[Black "The Stonewall"]
[Result "0-1"]
[WhiteCountry "ESP"]
[BlackCountry "ENG"]
[WhiteElo "2087"]
[WhiteRD "91"]
[BlackElo "2317"]
[BlackRD "68"]
[GameID "726598"]

1. c4 Nf6 2. g3 g6 3. Bg2 Bg7 4. Nc3 O-O 5. e4 d6 6. Nge2 c5 7. O-O Nc6 8. d3 Rb8 9. Rb1 a6 10. a3 b5
11. cxb5 axb5 12. b4 cxb4 13. axb4 e5 14. h3 Be6 15. Nd5 Qd7 16. Kh2 Rfc8 17. Nxf6+ Bxf6 18. Be3 Ra8 19. d4 Ba2 20. d5 Nd4
21. Rb2 Nxe2 22. Rxe2 Bc4 23. Rc2 Bxf1 24. Rxc8+ Qxc8 25. Bxf1 Qc3 26. Bxb5 Ra1 27. Qf3 Bg5 28. Be8 f6 29. Qg4 Qe1 30. Qe6+ Kh8
0-1

[Event "1800 - 2299 Rated Tournament 3"]
[Site "SchemingMind.com"]
[Date "2022.09.13"]
[Round "-"]
[White "David Perna-Fraser"]
[Black "FcoRego"]
[Result "0-1"]
[WhiteCountry "CAN"]
[BlackCountry "ESP"]
[WhiteElo "2070"]
[WhiteRD "78"]
[BlackElo "2029"]
[BlackRD "86"]
[GameID "726599"]

1. e4 c5 2. Nf3 Nc6 3. d4 cxd4 4. Nxd4 g6 5. Nc3 Bg7 6. Be3 Nf6 7. f3 O-O 8. Qd2 d5 9. Nxc6 bxc6 10. e5 Nd7
11. f4 e6 12. g3 c5 13. Bg2 Ba6 14. Bf2 Rb8 15. Na4 Qc7 16. O-O-O Bb5 17. Nc3 Bc6 18. b3 a5 19. Qe2 a4
0-1

[Event "1800 - 2299 Rated Tournament 3"]
[Site "SchemingMind.com"]
[Date "2022.09.13"]
[Round "-"]
[White "FcoRego"]
[Black "David Perna-Fraser"]
[Result "0-1"]
[WhiteCountry "ESP"]
[BlackCountry "CAN"]
[WhiteElo "2029"]
[WhiteRD "86"]
[BlackElo "2070"]
[BlackRD "78"]
[GameID "726600"]

1. c4 e6 2. g3 f5 3. Nc3 Nf6 4. Bg2 Bb4 5. Qb3 Qe7 6. Nf3 O-O 7. O-O c5 8. d3 Nc6 9. a3 Bxc3 10. Qxc3 d6
11. b4 cxb4 12. axb4 e5 13. Bb2 a6 14. b5 Nd8
0-1

[Event "1800 - 2299 Rated Tournament 3"]
[Site "SchemingMind.com"]
[Date "2022.09.09"]
[Round "-"]
[White "Raymond de Kemp"]
[Black "FcoRego"]
[Result "0-1"]
[WhiteCountry "NED"]
[BlackCountry "ESP"]
[WhiteElo "1791"]
[WhiteRD "71"]
[BlackElo "2024"]
[BlackRD "85"]
[GameID "726601"]

1. f4 c5 2. Nf3 Nc6 3. g3 g6 4. Bg2 Bg7 5. d3 Nf6 6. O-O O-O 7. e4 d6 8. c3 e6 9. Na3 a6 10. Nc2 Qc7
11. h3 b5 12. Be3 Bb7 13. Nh4 Qe7 14. f5 Ne5 15. g4 Nxe4 16. Nxg6 fxg6 17. Bxe4 Bxe4 18. dxe4 exf5 19. Qd5+ Kh8 20. exf5 gxf5
21. Rxf5 Rxf5 22. gxf5 Rg8 23. Kf2 Qh4+ 24. Ke2 Qxh3 25. Rh1 Qxf5 26. Kd1 Qd3+ 27. Qxd3 Nxd3
0-1

[Event "1800 - 2299 Rated Tournament 3"]
[Site "SchemingMind.com"]
[Date "2022.09.09"]
[Round "-"]
[White "FcoRego"]
[Black "Raymond de Kemp"]
[Result "1-0"]
[WhiteCountry "ESP"]
[BlackCountry "NED"]
[WhiteElo "2024"]
[WhiteRD "85"]
[BlackElo "1791"]
[BlackRD "71"]
[GameID "726602"]

1. c4 Nf6 2. g3 e5 3. Bg2 Bc5 4. Nc3 c6 5. e3 O-O 6. Nge2 d6 7. Na4 Nbd7 8. Nxc5 Nxc5 9. d4 Ne6 10. dxe5 dxe5
11. O-O Qc7 12. b3 Rd8 13. Qc2 Nc5 14. Ba3 Ne6 15. Nc3 Ng5 16. f4 Nh3+ 17. Kh1 exf4 18. exf4 Qa5 19. Be7 Bf5 20. Qb2 Rd3
21. b4 Qc7 22. Bxf6 gxf6 23. Ne4 Kg7 24. Qxf6+
1-0

[Event "1800 - 2299 Rated Tournament 3"]
[Site "SchemingMind.com"]
[Date "2022.09.08"]
[Round "-"]
[White "FcoRego"]
[Black "Vanycuba"]
[Result "0-1"]
[WhiteCountry "ESP"]
[BlackCountry "CUB"]
[WhiteElo "2024"]
[WhiteRD "85"]
[BlackElo "2432"]
[BlackRD "83"]
[GameID "726603"]

1. c4 e5 2. g3 Nf6 3. Bg2 d5 4. cxd5 Nxd5 5. Nc3 Nb6 6. Nf3 Nc6 7. O-O Be7 8. a3 O-O 9. b4 Be6 10. Bb2 Nc4
11. Qc2 Nd4 12. Nxd4 exd4 13. Ne4 d3 14. exd3 Nxb2 15. Qxb2 Qxd3 16. Rac1 Rac8 17. Rc3 Qd4 18. Qc2 c6 19. Rc1 Rfd8 20. Re3 a5
21. bxa5 Ra8 22. Qc3 Qxc3 23. Rcxc3 Rxa5 24. h4 h6 25. Rcd3 Rxd3 26. Rxd3 Kf8 27. Nd6 Bxd6 28. Rxd6 Rxa3 29. Rd8+ Ke7 30. Rb8 Ra7
31. Rg8 Kd6 32. Rxg7 b5 33. Rg8 Ra4 34. g4 Rxg4 35. Rxg4 Bxg4 36. Be4 b4 37. f3 Be6 38. Bb1 Ke5 39. Kf2 Kf4
0-1

[Event "1800 - 2299 Rated Tournament 3"]
[Site "SchemingMind.com"]
[Date "2022.09.08"]
[Round "-"]
[White "Vanycuba"]
[Black "FcoRego"]
[Result "1-0"]
[WhiteCountry "CUB"]
[BlackCountry "ESP"]
[WhiteElo "2336"]
[WhiteRD "94"]
[BlackElo "2087"]
[BlackRD "91"]
[GameID "726604"]

1. e4 c5 2. Nf3 Nc6 3. d4 cxd4 4. Nxd4 g6 5. c4 Bg7 6. Be3 Nf6 7. Nc3 O-O 8. Be2 d6 9. O-O Bd7 10. Nc2 a5
11. Kh1 a4 12. f4 Qa5 13. Rb1 Rfc8 14. Bg1 Nb4 15. Nxb4 Qxb4 16. e5 Ne8 17. Nd5 Qa5 18. Nxe7+ Kh8 19. Nxc8 Rxc8 20. exd6 Rc6
21. Qe1 Qxe1 22. Rfxe1 Nxd6 23. Rbd1 Bxb2 24. Bf3 Nxc4 25. Rxd7
1-0